000 00390nam a22001697a 4500
003 MPLRDC
005 20220104144507.0
008 210129b ||||| |||| 00| 0 eng d
082 _a945.32 CPR
100 _a陈培仁
245 _a平和美丽
_c
250 _a初版
260 _a马来西亚
_b
_c2002
300 _b
650 _a中国画册--题识
942 _cBK
_o945.32 CPR
999 _c50162
_d50152